000 00448nam a2200181Ia 4500
001 10184
005 20260306161813.0
008 260306t1952||||xx |||||||||||||| ||spa||
041 _aESP
082 _a907.2
_bS22
100 _aSánchez Alonso, B.
_eAUT
245 0 _aFuentes de la historia española e hispanoamericana
260 _c1952
300 _a736 páginas :
_c20 cm.
650 _aGEN
654 _aCHU
942 _cLIB
_dJUS
_fJUS
_2ddc
_n
999 _c10184
_d10184